000 00442pab a2200157 454500
008 180718b2010 xxu||||| |||| 00| 0 eng d
100 _aOswick, Cliff et al
245 _aOrganizational discourse and change: positions, perspectives, progress, and prospects
260 _c2010
300 _ap.8-15.
362 _aMar
650 _aOrganizational change
773 _aJournal of Applied Behavioral Science
908 _aN
909 _a86287
999 _c86287
_d86287